000 00313nam a22001337a 4500
008 180921b xxu||||| |||| 00| 0 eng d
020 _a9780131408197
041 _aeng
080 _26th
_a37
100 _a25
101 _aEDU
245 _aAssessing Students with Special Needs
_cLoughlin,J.A
942 _2udc
_cBK
999 _c48197
_d48197